000 00705nam a2200253Ia 4500
003 OSt
005 20221006144047.0
006 a|||||r|||| 00| 0
007 ta
008 221006b |||||||| |||| 00| 0 eng d
020 _c65.00
024 _a10,766
037 _cTextual
040 _aEASL
_cEASL
_beng
041 _2eng
_aeng
082 _aW691.XN, M2
100 _aMUKERJEE Hiren
245 0 _aUnder communism's crimson colours
_b Reflections on Marxism, India and the world scene
260 _aNew Delhi
_bPeople Publishing House
_c1982
300 _a329p.
_ccm.
490 _v Oth
942 _hW691.XN, M2
_cTEXL
_2CC
999 _c1078852
_d1078852